000 00862nam a22002297i 4500
999 _c22963
_d22963
003 AR-CdUCM
008 240807b20152015 pe||||| |||| 00| 0 spa d
020 _a978-612-4091-96-4
040 _aMUNICIPALIDAD PROVINCIAL DEL CUSCO
_cBIBLIOTECA MUNICIPAL DEL CUSCO
082 _aEP / 803 / E93S
_bE93S
100 _aEstrada Pérez, Nohemí.
_929947
245 _aSemillitas :
_bPoemas y narraciones para niños /
260 _aLima :
_bGrupo editorial Mesa Redonda,
_c2015.
300 _a50 páginas. :
_c22 cm.
_bIlustraciones en color,
505 _aLa luz que despierta -- A la ronda, ronda -- El jilguero que no duerme -- La lluvia viene -- Los cocorocos
650 _aPoemas
_950139
650 _aCanciones
_914568
650 _aCuentos
_950140
700 _aTapia Martínez, Jaclyn [Ilustradora]
_950142
942 _2ddc
_cLIBROS
945 _apbj
_d2024-08-07